000
00207nam a2200085Ia 4500
008
120527s9999 xx 000 0 und d
100
_a
KREIDER, F.Jan
245
_a
Heating and cooling of Buildings
942
_c
BK
999
_c
25220
_d
25220